| 000 | 00393nam a22001577a 4500 | ||
|---|---|---|---|
| 003 | CEME | ||
| 005 | 20210628202354.0 | ||
| 008 | 210302b xxu||||| |||| 00| 0 eng d | ||
| 040 | _c. | ||
| 082 | _a628.4 HAZ | ||
| 100 |
_aGulledge, W.P _959597 |
||
| 245 | _aHazardous and industrial solid waste testing, second symposium | ||
| 260 |
_aUSA _bASTM _c1983 |
||
| 300 | _a339P | ||
| 942 |
_cBK _2ddc |
||
| 999 |
_c569536 _d569536 |
||